Brave New World Quiz :3 Stats

 Plays Quiz not verified by Sporcle

Score 0/15 Timer 05:00
0 Plays Today
Quote/Description People/Thing % Correct
'Oh my _____!'Ford
71.9%
'Lenina noticed with disgust that two of the front teeth were missing... It was worse than the old man. So fat. All the lines in her face, the flabbiness, the wrinkles. And the sagLinda
71.9%
'Impudent strumpet!'John the Savage
71.1%
Who banished Bernard to Iceland and is secretly the Savage's father? The Director
70.2%
Which social class wears Khaki, are mass produced and do simple tasks?Deltas
67.5%
Which social class is illiterate and wears black? Epsilons
65.8%
Which social class wears gray, are the intellectuals of society, and are skilled workers?Alphas
64%
Which social class wears Mulberry, are moderately intelligent, and are skilled workers?Betas
63.2%
Quote/Description People/Thing % Correct
Who gives the Savage and his mother his collection of Shakespeare works?Pope
63.2%
'Did you ever feel as though you had something inside you that was only waiting for you to give it a chance to come out?' Bernard
62.3%
Which social class wears green and are semi-skilled workers?Gammas
60.5%
'The world's stable now. People are happy; they get what they want and they never want what they can't get... and if anything should go wrong, there's soma.'Mustafa Mond
57%
'A gramme in time saves nine.'Soma
49.1%
'Why was [Shakespeare] such a marvelous propaganda technician? Because he had so many insane, excruciating things to get excited about.' Helmholtz
44.7%
Who had a unibrow? Morgana Rothschild
10.5%

You're not logged in!

Compare scores with friends on all Sporcle quizzes.
OR
Log In

You Might Also Like...

Show Comments

Extras

Created May 22, 2012ReportNominate
Tags:World Quiz, brave, stuff

Top Quizzes Today


Score Distribution

Your Account Isn't Verified!

In order to create a playlist on Sporcle, you need to verify the email address you used during registration. Go to your Sporcle Settings to finish the process.

Report this User

Report this user for behavior that violates our Community Guidelines.

Details: